000 01116nas a2200289 4500
001 BR2013008176
003 BR-BrBNA
005 20231205123106.0
007 ta
008 230509b bl.|||p| |||| 00| 00por d
040 _aBR-BrBNA
_bpor
_cBiblioteca Nacional de Agricultura
041 _a(Pt)
072 _aK10
100 1 _aCarvalho, F.A.
100 1 _aNascimento, M.T.
245 1 _aEstrutura diamétrica da comunidade e das principais populações arbóreas de um remanescente de Floresta Atlântica Submontana (Silva Jardim-RJ, Brasil)
246 1 _aDiametric structure of a tree community and its main populations in a sub-montane atlantic forest remnant (Silva Jardim-RJ, Brazil)
650 _aFLORESTA
650 _aPOPULAÇÃO DE PLANTA
650 _aESTRUTURA DEMOGRÁFICA
650 _aÁRVORE
650 _aDIÂMETRO
773 0 _tRevista Árvore (Brazil)
_xISSN 0100-6762
_g(Mar-Apr 2009), v. 33(2) p. 327-337
_wBR2013008176
856 4 _uhttp://www.scielo.br/pdf/rarv/v33n2/a14v33n2.pdf
_yRecurso eletrônico (PDF)
909 _a202311
_bLúcia
_c55
_dLúcia Elande
942 _2AGRIS
_n0
_cANA
999 _c232136
_d232136